LEADER 01153nam a2200277 i 4500 001 000000114855 003 CaOOAMICUS 005 20090410000000.0 008 090410s1988 it u000 u ita u 013 $a87543 020 $a88-384-1236-7 040 $aSeMil$bita 100 0 $aIoannes Paulus II,$c.$0(OLS)http://semarc/name/646 245 10$aIo credo in Gesł Cristo Figlio dell'uomo, Figlio di Dio. 300 $a85 p. 700 1 $aMaggiolini, Alessandro .$0(OLS)http://semarc/name/7299 773 0 $aIoannes Paulus II $tIo credo.$dCasale Monferrato (AL) : Piemme, 1986.$g5$w()15746 850 $aSeMil 852 $aSeMil$W1$xVenegono$y1$m2A I 4$j70398$B70398$CSeMilBibl$Z2$F116816 $81 900 1 $aWojtyla, Karol,$d<1920-2005>. 900 0 $aGiovanni Paolo II$c. 961 $aOmaggio: Biblioteca Seminario Seveso (dal 1998) 996 $6020$a88-384-1236-7$9(OLS)http://semarc/number/98368 996 $6245$aIo credo in Gesł Cristo Figlio dell'uomo, Figlio di Dio$9(OLS)http://semarc/title/168012 LEADER 01256nas a2200241 i 4500 001 000000149895 003 CaOOAMICUS 005 20070809000000.0 008 060414b2005 it uu u0 0ita r 013 $a127227 040 $aSeMil$bita 245 10$a«Voi siete il sale della terra» :$bQuale Catechesi per educare a essere cristiani nella societą /$ca cura di Paolo Sartor. 260 $aMilano :$bITL,$c2005 (stampa 2006) 300 $a372 p. ;$c22 cm. 500 $aSupplemento al n. 4/2005. - Titolo e formulazione di responsabilitą dalla copertina. - A pič della copertina : Anno 2006. 700 1 $aSartor, Paolo.$0(OLS)http://semarc/name/29109 773 0 $tAmbrosius.$bA. 1. (1925)-A. 34. (1958) ; Nuova Serie : A. 35. (1959)-A. 81. (2005) ; A. 85., N. 1 (2009).$dMilano : Presso il Seminario del Duomo, 1925-2005.$x0392-5757$w()1796 774 0 $t[vedi periodico].$w()264048 850 $aSeMil 852 $aSeMil$W1$xVenegono$y1$m36 3 13/S$j102082$B102082$CSeMilBibl$Z2$F125917 $85 961 $aCambio: Scuola Cattolica 996 $6245$a«Voi siete il sale della terra» :$bQuale Catechesi per educare a essere cristiani nella societą$9(OLS)http://semarc/title/219156 996 $6260$aMilano :$bITL$9(OLS)http://semarc/publisher/30648